| 000 | 00412nam a2200109Ia 4500 | ||
|---|---|---|---|
| 008 | 160909s9999 xx 000 0 und d | ||
| 100 | _aRogers, Gimel | ||
| 245 | _aExamining therapists' perceptions of barriers to treatment with youth and their families: A mixed methods study | ||
| 260 |
_bPepperdine University _c2016 |
||
| 650 | _aPSYCHOLOGY | ||
| 856 | _uhttp://pqdtopen.proquest.com/doc/1746693433.html?FMT=ABS | ||
| 999 |
_c304070 _d304070 |
||